000 00560nam a2200229Ia 4500
003 OSt
005 20220924153507.0
006 a|||||r|||| 00| 0
007 ta
008 220923b |||||||| |||| 00| 0 kan d
024 _a350378
037 _cTextual
040 _aARTS
_cARTS
_bkan
041 _2kan
_akan
082 _aO33:gx, N6
100 _aHegde M G Au.
_9228938
245 0 _aSahitya vimersa
260 _c1996
650 _aKANNAD LITERATURE
942 _hO33:gx, N6
_cTEXL
_2CC
999 _c473750
_d473750